000 00466nam a22001457a 4500
005 20260204111257.0
008 260204b |||||||| |||| 00| 0 eng d
020 _a978-0-141-44125-2
100 _aWOLLSTONECRAFT, MARY
245 _aA VINDICATION OF THE RIGHTS OF WOMEN
260 _aLONDON
_bPENGUIN BOOKS
_c2004
300 _aLXXVIII, 269P.
650 _a1. WOMEN - EDUCATION 2. WOMEN - SOCIAL AND MORAL QUESTIONS 3. WOMEN'S RIGHTS 4. FEMINSM
942 _2lcc
_cBK
999 _c216533
_d216533